Ariana Grande - love language - Statistics

General Stats
  • This quiz has been taken 51 times
  • The average score is 304 of 379
Answer Stats
lyric % Correct
I
100%
mm,
100%
ya,
100%
you
100%
You
100%
a
97%
A
97%
me
97%
me,
97%
that
97%
That
97%
the
97%
when
97%
Baby
95%
Baby,
95%
speak,
95%
speak
95%
to
95%
your
95%
Your
95%
in
92%
(In
92%
know
92%
Know
92%
language
92%
love
92%
my
92%
what
92%
all
89%
All
89%
do
89%
do,
89%
If
89%
it
89%
sh*t
89%
so
89%
an
86%
can
86%
it's
86%
It's
86%
like
86%
like,
86%
thing
86%
want
86%
want,
86%
kind
84%
night
84%
of
84%
Ooh,
84%
talk
84%
That's
84%
French,
81%
give
78%
keep
78%
little
78%
make
78%
promise
78%
right
78%
speakin'
78%
sweet
78%
sweet,
78%
things
78%
you're
78%
ain't
76%
Ain't
76%
I'm
76%
probably
76%
somethin'
76%
thinkin',
76%
translation
76%
wanna
76%
anxious
73%
boy
73%
every
73%
feelin'
73%
how
73%
just
73%
medication
73%
no
73%
(No
73%
oh,
73%
oh
73%
with
73%
word
73%
Been
70%
been
70%
but
70%
ex
70%
gon'
70%
pardon
70%
Teach
70%
use?"
70%
"What's
70%
had
68%
(Had
68%
hold
68%
lost
68%
minute
68%
since
68%
tongues?
68%
down
65%
mo
65%
mo)
65%
'cause
62%
cause
62%
expensive
62%
face
62%
(Face)
62%
Never
62%
soothe
62%
taste
62%
Treat
62%
AG
59%
could
59%
inside
59%
joke
59%
need
59%
slo
59%
can't
57%
Head
57%
home
57%
shoes
57%
speed
57%
deny
54%
Givenchy
54%
(Givenchy),
54%
over
54%
"Woah"
54%
before
51%
before)
51%
not
51%
remind
51%
Runnin'
51%
twice?
51%
babe
49%
same
49%
double
46%
girlfriend
46%
smoke
46%
smoke)
46%
don't
43%
'Less
43%
question,
43%
back
41%
lease
41%
mine
41%
sign
41%
tryna
41%
at
38%
baggage
38%
door,
35%
Why
35%
claim
32%
I'll
32%
or
32%
would
32%
Left
27%
unlearnin'
27%
honey
5%
No matching quizzes found
Score Distribution
Percent of People with Each Score
Percentile by Number Answered
Your Score History
You have not taken this quiz